Význam bielej farby a konotácie pomenovaní s bielou farbou v ich štruktúre v slovenskej a španielskej spoločnosti

Sémantická analýza lexikálnych jednotiek (slov, výrazov, ustálených slovných spojení, prísloví atď.), ktoré v názve obsahujú bielu farbu so zameraním na kontrastívno-komparačnú analýzu, denotácií, konotácií, rozšírenia významu a použitia týchto konštrukcií v španielskej a slovenskej spoločnosti.

Salvato in:
Dettagli Bibliografici
Autore principale: Spišiaková, Mária, 1973-
Natura: Capitolo di libro
Lingua:slovacco
Soggetti:
Tags: Aggiungi Tag
Nessun Tag, puoi essere il primo ad aggiungerne!!

MARC

LEADER 00000nla a2200000 4500
001 0234923
005 20240502073815.5
041 0 |a slo 
044 |a SK 
245 1 0 |a Význam bielej farby a konotácie pomenovaní s bielou farbou v ich štruktúre v slovenskej a španielskej spoločnosti  |c Mária Spišiaková 
520 |a Sémantická analýza lexikálnych jednotiek (slov, výrazov, ustálených slovných spojení, prísloví atď.), ktoré v názve obsahujú bielu farbu so zameraním na kontrastívno-komparačnú analýzu, denotácií, konotácií, rozšírenia významu a použitia týchto konštrukcií v španielskej a slovenskej spoločnosti. 
610 2 0 |a jazyky cudzie 
610 2 0 |a španielčina 
610 2 0 |a slovenčina 
610 2 0 |a farby 
610 2 0 |a spoločnosť 
610 2 0 |a komunikácia 
100 1 |a Spišiaková, Mária, 1973-